International marketing trends conference Venice, 19th - 21st January 2012

Uložené v:
Podrobná bibliografia
Korporativný autor: International marketing trends conference
Médium: Kniha
Jazyk:French
English
Russian
Spanish
Italian
Vydavateľské údaje: Venice Ca' Foscari University of Venice 2012
Predmet:
Tagy: Pridať tag
Žiadne tagy, Buďte prvý, kto otaguje tento záznam!

MARC

LEADER 00000nlm$a2200000$$$4500
001 0150470
005 20221122120206.8
020 |a 978-2-9532811-3-2 
041 0 |a fre 
041 0 |a eng 
041 0 |a rus 
041 0 |a spa 
041 0 |a ita 
044 |a IT 
245 1 0 |a International marketing trends conference  |b Venice, 19th - 21st January 2012 
264 1 |a Venice  |b Ca' Foscari University of Venice  |c 2012 
300 |a CD-ROM [500 s.] 
610 2 0 |a marketing 
610 2 0 |a manažment 
610 2 0 |a správanie spotrebiteľa 
610 2 0 |a marketing medzinárodný 
610 2 0 |a stratégia marketingová 
110 2 |a International marketing trends conference